| 000 | 00611nam a2200169 4500 | ||
|---|---|---|---|
| 008 | 031118s1990 ch b 000 0 chi | ||
| 020 | _a9579507007 | ||
| 090 |
_aBV210.2 _bL46c |
||
| 100 | 1 | _a李 拉瑞Lea, Larry. | |
| 245 | 1 | 0 |
_a與主儆醒片時 : 燃起禱告之火Could you not tarry one hour? {ch} / _cLarry Lea. |
| 260 |
_aTaipei : _b以琳書房 Elim Christian Bookstore, _c1990. |
||
| 300 | _a212 p. | ||
| 504 | _aBibliography. | ||
| 650 | 4 | _a主的禱告 Lord's prayer {ch}. | |
| 650 | 4 |
_a禱告Prayer _xChristianity {ch}. |
|
| 951 |
_pC-2783 _x00028757 _oBV210.2/L46c _j070613111324968 _d2000-12-21 _cCH |
||
| 999 |
_c18242 _d18242 |
||